الرجل والفنان
Saved in:
Main Author:
Other Authors:
Format: Book
Language: Undetermined
Published:
Sharqia
not identified
1949
Tags: Add Tag
No Tags, Be the first to tag this record!
Call Number: A99 AALL
| LEADER | 00379nam a2200133Ia 4500 | ||
|---|---|---|---|
| 008 | 240404s9999||||xx |||||||||||||| ||und|| | ||
| 050 | 4 | |a A99 AALL | |
| 100 | 1 | |a محمد مهدى علام. | |
| 245 | 1 | 0 | |a الرجل والفنان |c محمد مهدى علام |
| 264 | 1 | |a Sharqia |b not identified |c 1949 | |
| 300 | |a 23 |c 23 | ||
| 700 | 1 | |a جوزف ليندون. | |
| 942 | |2 lcc |c BK | ||
| 999 | |c 58028 |d 58028 | ||
